सहस्त्रफण (Record no. 1466643)

MARC details
000 -LEADER
fixed length control field 01359 a2200277 4500
005 - DATE AND TIME OF LATEST TRANSACTION
control field 20260323120918.0
008 - FIXED-LENGTH DATA ELEMENTS--GENERAL INFORMATION
fixed length control field 260323b |||||||| |||| 00| 0 eng d
020 ## - INTERNATIONAL STANDARD BOOK NUMBER
International Standard Book Number 9788126320462 (hbk)
037 ## - SOURCE OF ACQUISITION
Terms of availability TB
040 ## - CATALOGING SOURCE
Original cataloging agency CRL
Transcribing agency CRL
041 ## - LANGUAGE CODE
Source of code hin
Language code of text/sound track or separate title hin
Language code of original tel
084 ## - COLON CLASSIFICATION NUMBER
Classification number O35,3M95,SA 152L0;Q0
Assigning agency CRL
100 ## - MAIN ENTRY--PERSONAL NAME
Personal name सत्यनारायण, विश्वनाथ
9 (RLIN) 860526
245 ## - TITLE STATEMENT
Title सहस्त्रफण
250 ## - EDITION STATEMENT
Edition statement 7वां संस्करण
260 ## - PUBLICATION, DISTRIBUTION, ETC.
Place of publication, distribution, etc. दिल्ली, भारत:
Name of publisher, distributor, etc. भारतीय ज्ञानपीठ,
Date of publication, distribution, etc. 2010.
300 ## - PHYSICAL DESCRIPTION
Extent 455पृ.
365 ## - TRADE PRICE
Price type code 400.00
Price amount INR
490 ## - SERIES STATEMENT
Series statement राष्ट्रभारती / लोकोदय ग्रंथमाला: ग्रंथांक 285। सम्पादक रवीन्द्र कालिया
546 ## - LANGUAGE NOTE
Language note Translated from Telugu to Hindi
650 ## - SUBJECT ADDED ENTRY--TOPICAL TERM
Topical term or geographic name entry element तेलुगु कहानी
9 (RLIN) 1137582
650 ## - SUBJECT ADDED ENTRY--TOPICAL TERM
Topical term or geographic name entry element तेलुगु साहित्य
9 (RLIN) 1137583
700 ## - ADDED ENTRY--PERSONAL NAME
Personal name राव, पी. वी. नरसिंह
Relator term अनुवादक
9 (RLIN) 1137584
942 ## - ADDED ENTRY ELEMENTS (KOHA)
Koha item type Textbook
Source of classification or shelving scheme Colon Classification (CC)
Edition 7वां संस्करण
Classification part O35,3M95,SA 152L0;Q0
Holdings
Withdrawn status Lost status Source of classification or shelving scheme Damaged status Not for loan Home library Current library Date acquired Source of acquisition Cost, normal purchase price Inventory number Total Checkouts Full call number Barcode Date last seen Cost, replacement price Price effective from Koha item type
    Colon Classification (CC)     Central Library Central Library 2026-01-15 76/ वाणी प्रकाशन 320.00 476 & 2026-01-12   O35,3M95,SA 152L0;Q0 CL1925302 2026-01-15 400.00 2026-01-15 Textbook
Copyright @ Delhi University Library System